<?xml version="1.0" encoding="UTF-8"?>
<collection xmlns="http://www.loc.gov/MARC21/slim">
<record>
  <controlfield tag="001">148366</controlfield>
  <controlfield tag="005">20250116161254.0</controlfield>
  <datafield tag="024" ind1="7" ind2=" ">
    <subfield code="2">doi</subfield>
    <subfield code="a">10.1016/j.foodcont.2022.109424</subfield>
  </datafield>
  <datafield tag="024" ind1="8" ind2=" ">
    <subfield code="2">sideral</subfield>
    <subfield code="a">132476</subfield>
  </datafield>
  <datafield tag="037" ind1=" " ind2=" ">
    <subfield code="a">ART-2023-132476</subfield>
  </datafield>
  <datafield tag="041" ind1=" " ind2=" ">
    <subfield code="a">eng</subfield>
  </datafield>
  <datafield tag="100" ind1=" " ind2=" ">
    <subfield code="a">Tejedor-Calvo, Eva</subfield>
    <subfield code="0">(orcid)0000-0001-5635-413X</subfield>
  </datafield>
  <datafield tag="245" ind1=" " ind2=" ">
    <subfield code="a">Truffle flavored commercial products veracity and sensory analysis from truffle and non-truffle consumers</subfield>
  </datafield>
  <datafield tag="260" ind1=" " ind2=" ">
    <subfield code="c">2023</subfield>
  </datafield>
  <datafield tag="520" ind1="3" ind2=" ">
    <subfield code="a">The price of the truffle species Tuber melanosporum and Tuber magnatum can be up to fifty times higher, or even more, than the cheapest edible truffle species due to their appreciated aroma and low production levels. This aroma is seriously affected after the application of treatments for the conservation of food products, usually thermal (freezing or sterilization). Hence, many of the truffled products that are retailed are characterized by the use of truffle species of low economic value and the addition of flavoring substances. Most of the time, the added flavorings do not mimic fresh truffle aroma and do not correspond to the truffle species appearing in the ingredients list and the statement of identity. These products sometimes include pictures of truffles or the term ‘white or black truffle’ in the label, which might confuse the consumer. To study this practice in the food industry, 51 products were evaluated through instrumental techniques determining truffle species presence by microscopy and molecular techniques, as well as the level of truffle flavorings added by HS-GC-MS analysis and by sensory perception scale. Finally, a sensory analysis of eight products was carried out by consumers distributed into two groups, those who had previously tasted fresh truffles and those who had not. Lower-value truffle species such as Tuber aestivum and Tuber indicum were frequently found in products in which the labeling did not indicate so. Also, 48% of the products contained high levels of added flavorings. In the sensory analysis, non-consumers of truffles rated flavored products more positively (up to 2 more points in some products) than truffle consumers. Also, this group associated negative attributes (weird and disappointing) to products elaborated with real black truffle, whereas truffle consumers associated positive attributes (truffle flavor, truffle smell and gourmet) to them.</subfield>
  </datafield>
  <datafield tag="506" ind1="0" ind2=" ">
    <subfield code="a">Access copy available to the general public</subfield>
    <subfield code="f">Unrestricted</subfield>
  </datafield>
  <datafield tag="536" ind1=" " ind2=" ">
    <subfield code="9">info:eu-repo/grantAgreement/EC/H2020/101007623/EU/INnovation in Truffle cultivation, preservAtion, proCessing and wild truffle resources managemenT/INTACT</subfield>
    <subfield code="9">This project has received funding from the European Union’s Horizon 2020 research and innovation program under grant agreement No H2020 101007623-INTACT</subfield>
  </datafield>
  <datafield tag="540" ind1=" " ind2=" ">
    <subfield code="9">info:eu-repo/semantics/openAccess</subfield>
    <subfield code="a">by-nc-nd</subfield>
    <subfield code="u">http://creativecommons.org/licenses/by-nc-nd/3.0/es/</subfield>
  </datafield>
  <datafield tag="590" ind1=" " ind2=" ">
    <subfield code="a">5.6</subfield>
    <subfield code="b">2023</subfield>
  </datafield>
  <datafield tag="591" ind1=" " ind2=" ">
    <subfield code="a">FOOD SCIENCE &amp; TECHNOLOGY</subfield>
    <subfield code="b">24 / 173 = 0.139</subfield>
    <subfield code="c">2023</subfield>
    <subfield code="d">Q1</subfield>
    <subfield code="e">T1</subfield>
  </datafield>
  <datafield tag="592" ind1=" " ind2=" ">
    <subfield code="a">1.146</subfield>
    <subfield code="b">2023</subfield>
  </datafield>
  <datafield tag="593" ind1=" " ind2=" ">
    <subfield code="a">Food Science</subfield>
    <subfield code="c">2023</subfield>
    <subfield code="d">Q1</subfield>
  </datafield>
  <datafield tag="593" ind1=" " ind2=" ">
    <subfield code="a">Biotechnology</subfield>
    <subfield code="c">2023</subfield>
    <subfield code="d">Q1</subfield>
  </datafield>
  <datafield tag="594" ind1=" " ind2=" ">
    <subfield code="a">12.2</subfield>
    <subfield code="b">2023</subfield>
  </datafield>
  <datafield tag="655" ind1=" " ind2="4">
    <subfield code="a">info:eu-repo/semantics/article</subfield>
    <subfield code="v">info:eu-repo/semantics/acceptedVersion</subfield>
  </datafield>
  <datafield tag="700" ind1=" " ind2=" ">
    <subfield code="a">García-Barreda, Sergi</subfield>
    <subfield code="u">Universidad de Zaragoza</subfield>
    <subfield code="0">(orcid)0000-0002-7248-234X</subfield>
  </datafield>
  <datafield tag="700" ind1=" " ind2=" ">
    <subfield code="a">Felices-Mayordomo, María</subfield>
    <subfield code="u">Universidad de Zaragoza</subfield>
  </datafield>
  <datafield tag="700" ind1=" " ind2=" ">
    <subfield code="a">Blanco, Domingo</subfield>
    <subfield code="0">(orcid)0000-0001-6739-5375</subfield>
  </datafield>
  <datafield tag="700" ind1=" " ind2=" ">
    <subfield code="a">Sánchez, Sergio</subfield>
    <subfield code="u">Universidad de Zaragoza</subfield>
    <subfield code="0">(orcid)0000-0003-4331-9794</subfield>
  </datafield>
  <datafield tag="700" ind1=" " ind2=" ">
    <subfield code="a">Marco, Pedro</subfield>
    <subfield code="u">Universidad de Zaragoza</subfield>
    <subfield code="0">(orcid)0000-0003-3384-7534</subfield>
  </datafield>
  <datafield tag="710" ind1="2" ind2=" ">
    <subfield code="1">2008</subfield>
    <subfield code="2">640</subfield>
    <subfield code="a">Universidad de Zaragoza</subfield>
    <subfield code="b">Dpto. Produc.Animal Cienc.Ali.</subfield>
    <subfield code="c">Área Nutrición Bromatología</subfield>
  </datafield>
  <datafield tag="710" ind1="2" ind2=" ">
    <subfield code="1">5011</subfield>
    <subfield code="2">500</subfield>
    <subfield code="a">Universidad de Zaragoza</subfield>
    <subfield code="b">Dpto. CC.Agrar.y Medio Natural</subfield>
    <subfield code="c">Area Ingeniería Agroforestal</subfield>
  </datafield>
  <datafield tag="710" ind1="2" ind2=" ">
    <subfield code="1">1009</subfield>
    <subfield code="2">X</subfield>
    <subfield code="a">Universidad de Zaragoza</subfield>
    <subfield code="b">Dpto. Patología Animal</subfield>
    <subfield code="c">Proy. investigación HRA</subfield>
  </datafield>
  <datafield tag="710" ind1="2" ind2=" ">
    <subfield code="1">5011</subfield>
    <subfield code="2">705</subfield>
    <subfield code="a">Universidad de Zaragoza</subfield>
    <subfield code="b">Dpto. CC.Agrar.y Medio Natural</subfield>
    <subfield code="c">Área Producción Vegetal</subfield>
  </datafield>
  <datafield tag="773" ind1=" " ind2=" ">
    <subfield code="g">145 (2023), 109424 [10 pp.]</subfield>
    <subfield code="p">Food control</subfield>
    <subfield code="t">Food Control</subfield>
    <subfield code="x">0956-7135</subfield>
  </datafield>
  <datafield tag="856" ind1="4" ind2=" ">
    <subfield code="s">835500</subfield>
    <subfield code="u">http://zaguan.unizar.es/record/148366/files/texto_completo.pdf</subfield>
    <subfield code="y">Postprint</subfield>
  </datafield>
  <datafield tag="856" ind1="4" ind2=" ">
    <subfield code="s">907144</subfield>
    <subfield code="u">http://zaguan.unizar.es/record/148366/files/texto_completo.jpg?subformat=icon</subfield>
    <subfield code="x">icon</subfield>
    <subfield code="y">Postprint</subfield>
  </datafield>
  <datafield tag="909" ind1="C" ind2="O">
    <subfield code="o">oai:zaguan.unizar.es:148366</subfield>
    <subfield code="p">articulos</subfield>
    <subfield code="p">driver</subfield>
  </datafield>
  <datafield tag="951" ind1=" " ind2=" ">
    <subfield code="a">2025-01-16-14:32:04</subfield>
  </datafield>
  <datafield tag="980" ind1=" " ind2=" ">
    <subfield code="a">ARTICLE</subfield>
  </datafield>
</record>
</collection>